000 00721nam a2200217 a 4500
005 20140310183355.0
008 120920s19uu xx 00 eng d
020 _a9781859646380
050 _aLB 1029.R4
_b.P558Cou 2011
100 _aPhillips, Terry
245 _aDeveloping skills 1 :
_bcourse book /
_cTerry Phillips and Anna Phillips with Chris Gough and D'Arcy Vallance.
260 _aReading, UK :
_bGarnet Pub,
_c2011.
300 _a226 p. :
_bill. ;
_c31 cm.
500 _aInclude 4 CDs
521 _aEDU
650 _aEnglish language
_xStudy and teaching (Higher)
650 _aEnglish language
_xRhetoric
_xProblems, exercises, etc
700 _aPhillips, Anna
942 _cBK
_2lcc
_kFOR
999 _c22193
_d22193